Statistics for Country Name Romanization: Mandarin

Click here to take the quiz!

General Stats

  • This quiz has been taken 108 times
  • The average score is 23 of 30

Answer Stats

MandarinEnglish% Correct
ĀgēntíngArgentina
95%
JiānádàCanada
94%
HǎidìHaiti
93%
YìdàlìItaly
93%
ÈguāduōěrEcuador
92%
ĀsàibàijiāngAzerbaijan
91%
BùdānBhutan
91%
BócíwǎnàBotswana
91%
GǔbāCuba
90%
WūzībiékèsītǎnUzbekistan
90%
YìndùníxīyàIndonesia
89%
MòsāngbǐkèMozambique
89%
SīlǐlánkǎSri Lanka
89%
JíbùtíDjibouti
88%
SàmóyàSamoa
88%
KǎtǎěrQatar
86%
PàláoPalau
85%
BōlánPoland
81%
ĀndàoěrAndorra
80%
DānmàiDenmark
77%
HóngdōulāsīHonduras
72%
XīnjiāpōSingapore
72%
LātuōwéiyàLatvia
67%
BābāduōsīBarbados
66%
YàměiníyàArmenia
65%
SūlìnánSuriname
65%
LúwàngdáRwanda
63%
JīlǐbāsīKiribati
45%
XùlìyàSyria
38%
JīnèiyàGuinea
25%

Score Distribution

Percentile by Number Answered

Percent of People with Each Score

Your Score History

You have not taken this quiz